Szabályos és rendhagyó ragozású szavak pszicholingvisztikai vizsgálata
Jelen kutatás fő célja a szabályos és rendhagyó ragozású szavak összehasonlítása ragozott szóterjedelem tesztek és reakcióidő feladat segítségével. A vizsgálat alapkérdése, hogy a rendhagyó ragozású szavak esetében egészleges tárolás valósul-e meg, vagy hasonlóan képezzük őket, mint a szabályos alak...
Elmentve itt :
| Szerzők: | |
|---|---|
| Dokumentumtípus: | Könyv része |
| Megjelent: |
Szegedi Egyetemi Kiadó, Juhász Gyula Felsőoktatási Kiadó
Szeged
2012
|
| Sorozat: | Szegedi pszichológiai tanulmányok
Szegedi pszichológiai tanulmányok : 2012 |
| Kulcsszavak: | Pszicholingvisztika |
| Tárgyszavak: | |
| Online Access: | http://acta.bibl.u-szeged.hu/75360 |
| LEADER | 02271naa a2200289 i 4500 | ||
|---|---|---|---|
| 001 | acta75360 | ||
| 005 | 20220419142530.0 | ||
| 008 | 220419s2012 hu o 0|| hun d | ||
| 020 | |a 978 963 9927 56 8 | ||
| 022 | |a 1789-6061 | ||
| 040 | |a SZTE Egyetemi Kiadványok Repozitórium |b hun | ||
| 041 | |a hun | ||
| 100 | 1 | |a Szépfalusi Noémi | |
| 245 | 1 | 0 | |a Szabályos és rendhagyó ragozású szavak pszicholingvisztikai vizsgálata |h [elektronikus dokumentum] / |c Szépfalusi Noémi |
| 260 | |a Szegedi Egyetemi Kiadó, Juhász Gyula Felsőoktatási Kiadó |b Szeged |c 2012 | ||
| 300 | |a 47-58 | ||
| 490 | 0 | |a Szegedi pszichológiai tanulmányok | |
| 490 | 0 | |a Szegedi pszichológiai tanulmányok : 2012 | |
| 520 | 3 | |a Jelen kutatás fő célja a szabályos és rendhagyó ragozású szavak összehasonlítása ragozott szóterjedelem tesztek és reakcióidő feladat segítségével. A vizsgálat alapkérdése, hogy a rendhagyó ragozású szavak esetében egészleges tárolás valósul-e meg, vagy hasonlóan képezzük őket, mint a szabályos alakokat. További cél az online (menetközbeni) feldolgozás és a memória összefüggésének feltárása. A kutatásban 37 egészséges, átlagos munkamemóriájú egyetemista vett részt, 8 férfi és 29 nő. A vizsgálati alanyok egy szóvisszamondási és egy szónemszó lexikális döntési feladatban vettek részt. Míg a kísérleti személyek a szónemszó döntési feladatban jobb eredményt értek el a szabályos ragozású szavak esetén, addig a memóriafeladatban nincs számottevő különbség a szabályos és a rendhagyó alakok között. Eredményeink alapján úgy tűnik, hogy a rendhagyó ragozású szavakat hasonlóan képezzük, mint a szabályos ragozású szavakat, tehát az olyan gazdag alaktannal rendelkező nyelvek esetében, ahol az inflexiós rag azonosítható a rendhagyó szavak esetén is, dekompozíció fog megvalósulni. | |
| 650 | 4 | |a Társadalomtudományok | |
| 650 | 4 | |a Pszichológia | |
| 695 | |a Pszicholingvisztika | ||
| 700 | 0 | 1 | |a Prievara Dóra Katalin |e aut |
| 700 | 0 | 1 | |a Turi Zsolt |e aut |
| 700 | 0 | 1 | |a Janacsek Karolina |e aut |
| 700 | 0 | 1 | |a Németh Dezső |e aut |
| 856 | 4 | 0 | |u http://acta.bibl.u-szeged.hu/75360/1/szegedi_pszichologiai_tanulmanyok_2012_047-058.pdf |z Dokumentum-elérés |